NFL 1500 single season receiving yards- sudden Death - Statistics

General Stats
  • This quiz has been taken 324 times
  • The average score is 6 of 10
Answers on the Grid
Answers color-coded by a green-red scale on the quiz's grid according to % correct below.
Calvin Johnson
A.J brown
Jerry Rice
Juju Smith-Schuster
Mike Evans
Adam Thielen
Julio Jones
Odell Beckham Jr.
Devante Adams
Travis Kelce
Antonio Brown
Tyreek Hill
Justin Jefferson
Torry Holt
Ja”Marr Chase
 
Answer Stats
Answer % Correct
Calvin Johnson
75%
Ja”Marr Chase
75%
Justin Jefferson
74%
Tyreek Hill
71%
Jerry Rice
69%
Julio Jones
68%
Antonio Brown
65%
Devante Adams
57%
Mike Evans
40%
Torry Holt
40%
No matching quizzes found
Score Distribution
Percent of People with Each Score
Percentile by Number Answered
Your Score History
You have not taken this quiz